Oral Roberts' best sermons and stories. (Record no. 14237)

000 -LEADER
fixed length control field 00549nam a2200181 a 4500
001 - CONTROL NUMBER
control field :::00012066$&:&@@
003 - CONTROL NUMBER IDENTIFIER
control field OkBaRHE
005 - DATE AND TIME OF LATEST TRANSACTION
control field 20000607103415.0
008 - FIXED-LENGTH DATA ELEMENTS--GENERAL INFORMATION
fixed length control field s1956 j 000 0 eng u
040 ## - CATALOGING SOURCE
Transcribing agency
100 1# - MAIN ENTRY--PERSONAL NAME
Personal name Roberts, Oral, 1918-
245 10 - TITLE STATEMENT
Title Oral Roberts' best sermons and stories.
260 ## - PUBLICATION, DISTRIBUTION, ETC. (IMPRINT)
Place of publication, distribution, etc Tulsa, OK., :
Name of publisher, distributor, etc Oral Roberts
Date of publication, distribution, etc c1956
300 ## - PHYSICAL DESCRIPTION
Extent 124 p. ;
Dimensions 20 cm.
650 ## - SUBJECT ADDED ENTRY--TOPICAL TERM
Topical term or geographic name as entry element Sermons, American
942 ## - ADDED ENTRY ELEMENTS (KOHA)
Source of classification or shelving scheme
Koha item type Books
Copies
Date acquired Permanent Location Copy number Lost status Not for loan Source of classification or shelving scheme Damaged status Shelving location Koha item type Date last seen Full call number Withdrawn status Barcode Price effective from
2010-04-14RHEMA Bible Training College1    General StacksBooks2010-04-14BX 8776 .Z6R62 120662010-04-14